Proclaim liberty. (Record no. 14169)

000 -LEADER
fixed length control field 00521nam a2200181 a 4500
001 - CONTROL NUMBER
control field :::00011993$&:&@@
003 - CONTROL NUMBER IDENTIFIER
control field OkBaRHE
005 - DATE AND TIME OF LATEST TRANSACTION
control field 20000607103414.0
008 - FIXED-LENGTH DATA ELEMENTS--GENERAL INFORMATION
fixed length control field j 000 0 eng u
040 ## - CATALOGING SOURCE
Transcribing agency
100 1# - MAIN ENTRY--PERSONAL NAME
Personal name Grant, W. V.
245 10 - TITLE STATEMENT
Title Proclaim liberty.
260 ## - PUBLICATION, DISTRIBUTION, ETC. (IMPRINT)
Place of publication, distribution, etc Dallas, TX., :
Name of publisher, distributor, etc Grant's Faith Clinic
Date of publication, distribution, etc nd
300 ## - PHYSICAL DESCRIPTION
Extent 32 p. ;
Dimensions 23 cm.
650 ## - SUBJECT ADDED ENTRY--TOPICAL TERM
Topical term or geographic name as entry element Pentecostalism
942 ## - ADDED ENTRY ELEMENTS (KOHA)
Source of classification or shelving scheme
Koha item type Books
Copies
Source of classification or shelving scheme Withdrawn status Barcode Lost status Copy number Koha item type Full call number Damaged status Not for loan Price effective from Date acquired Shelving location Permanent Location Date last seen
  11993 1BooksBX 8764 .G7P72  2010-04-142010-04-14General StacksRHEMA Bible Training College2010-04-14